| 000 | 00438nam a22001697a 4500 | ||
|---|---|---|---|
| 003 | CEME | ||
| 005 | 20210628203310.0 | ||
| 008 | 210122b xxu||||| |||| 00| 0 eng d | ||
| 040 | _c. | ||
| 082 | _a294.3 SEH | ||
| 100 |
_aFidaullah Sehrai _946222 |
||
| 245 | _aThe buddha story in the peshawar museum | ||
| 260 |
_aLAHORE _bNATIONAL BOOK _c2007 |
||
| 300 | _a95P | ||
| 650 |
_aBUDDHA STORY - PESHAWAR MUSEUM _964556 |
||
| 942 |
_cBK _2ddc |
||
| 999 |
_c573009 _d573009 |
||